Параметрическая модель узла нагрузки с нелинейными электроприемниками; Известия Томского политехнического университета [Известия ТПУ]; Т. 308, № 5

Bibliografske podrobnosti
Parent link:Известия Томского политехнического университета [Известия ТПУ]/ Томский политехнический университет (ТПУ).— , 2000-
Т. 308, № 5.— 2005.— [С. 155-159]
Glavni avtor: Харлов Н. Н. Николай Николаевич
Izvleček:Заглавие с титульного листа
Электронная версия печатной публикации
Математическое моделирование качества электрической энергии, основанное на использовании метода гармонического баланса, требует применения соответствующих математических моделей узлов нагрузки, учитывающих их нелинейные и частотные свойства. Предложен подход к построению таких моделей, на основе имеющихся экспериментальных данных разработан алгоритм определения параметров моделей. Проведены расчеты применительно к одному из узлов нагрузки, обладающему такими свойствами.
Jezik:ruščina
Izdano: 2005
Serija:Технические науки
Teme:
Online dostop:http://www.lib.tpu.ru/fulltext/v/Bulletin_TPU/2005/v308/i5/36.pdf
Format: Elektronski Book Chapter
KOHA link:https://koha.lib.tpu.ru/cgi-bin/koha/opac-detail.pl?biblionumber=170733

MARC

LEADER 00000nla2a2200000 4500
001 170733
005 20231031163756.0
035 |a (RuTPU)RU\TPU\book\185138 
035 |a RU\TPU\book\185136 
090 |a 170733 
100 |a 20091125d2005 k y0rusy50 ca 
101 0 |a rus 
102 |a RU 
135 |a drnn ---uucaa 
181 0 |a i  
182 0 |a b 
200 1 |a Параметрическая модель узла нагрузки с нелинейными электроприемниками  |b Электронный ресурс  |f Н. Н. Харлов 
203 |a Текст  |c электронный 
215 |a 1 файл (482 Кб) 
225 1 |a Технические науки 
230 |a Электронные текстовые данные (1 файл : 482 Кб) 
300 |a Заглавие с титульного листа 
300 |a Электронная версия печатной публикации 
320 |a [Библиогр.: с. 159 (8 назв.)] 
330 |a Математическое моделирование качества электрической энергии, основанное на использовании метода гармонического баланса, требует применения соответствующих математических моделей узлов нагрузки, учитывающих их нелинейные и частотные свойства. Предложен подход к построению таких моделей, на основе имеющихся экспериментальных данных разработан алгоритм определения параметров моделей. Проведены расчеты применительно к одному из узлов нагрузки, обладающему такими свойствами. 
337 |a Adobe Reader 
461 1 |0 (RuTPU)RU\TPU\book\176237  |t Известия Томского политехнического университета [Известия ТПУ]  |f Томский политехнический университет (ТПУ)  |d 2000- 
463 1 |0 (RuTPU)RU\TPU\book\185053  |t Т. 308, № 5  |v [С. 155-159]  |d 2005  |p 231 с. 
610 1 |a параметрические модели 
610 1 |a узлы 
610 1 |a нагрузки 
610 1 |a нелинейные электроприемники 
610 1 |a математическое моделирование 
610 1 |a качество 
610 1 |a электрическая энергия 
610 1 |a метод гармонического баланса 
610 1 |a нелинейные свойства 
610 1 |a частотные свойства 
610 1 |a подходы 
610 1 |a экспериментальные данные 
610 1 |a алгоритмы 
610 1 |a параметры 
610 1 |a расчеты 
610 1 |a труды учёных ТПУ 
610 1 |a электронный ресурс 
700 1 |a Харлов  |b Н. Н.  |c заместитель директора Регионального учебно-научно-технологического центра ресурсосбережения ТПУ  |c кандидат технических наук  |f 1950-  |g Николай Николаевич  |2 stltpush  |3 (RuTPU)RU\TPU\pers\25691 
801 1 |a RU  |b 63413507  |c 20090623  |g PSBO 
801 2 |a RU  |b 63413507  |c 20211012  |g PSBO 
856 4 |u http://www.lib.tpu.ru/fulltext/v/Bulletin_TPU/2005/v308/i5/36.pdf 
942 |c CF